Certifikácia elektrotechnických výrobkov v súlade so znením zákona o technických požiadavkách na výrobky a posudzovaní zhody

Bibliographic Details
Main Authors: Gajdoš, Milan (Author), Novotný, Dušan (Author)
Format: Article
Language:Slovak
ISBN:809679258X

MARC

LEADER 00000naa a2200000uu 4500
001 vtls011052066
003 SK-MaSNL
005 20260302113647.0
008 210904|1999 xo |||||||||||||||||slo|
015 |a SNBRA 
035 |a (urnnbn)urn:nbn:sk:snk:ar-a0bvig 
035 |a (uuid)1082e8c4-b0b2-4ac0-91a1-8570a558ed27 
035 |a urn:nbn:sk:snk-aav2a0 
040 |a SNKBUCL  |b slo  |c SNKBUCL  |e AACR2 
041 0 |a slo 
044 |a xo  |c SK 
100 1 |a Gajdoš, Milan  |4 aut  |9 279718 
245 1 0 |a Certifikácia elektrotechnických výrobkov v súlade so znením zákona o technických požiadavkách na výrobky a posudzovaní zhody  |c Milan Gajdoš, Dušan Novotný 
700 1 |a Novotný, Dušan  |4 aut  |9 400154 
773 0 |t 1. celoslovenský seminár elektrotechnikov  |d Žilina : Markab, 1999, 1999  |g S. 59-61  |z 809679258X 
958 |a OND 
958 |a article12 
958 |a chapter 
999 |c 1256404  |d 1258334